[Event "Ubeda"]
[Site "Ubeda"]
[Date "1997.??.??"]
[Round "4"]
[White "Kortschnoj, Viktor"]
[Black "Almasi, Zoltan"]
[Result "1/2-1/2"]
[WhiteElo "2635"]
[BlackElo "2595"]

1.Nf3 Nf6 2.c4 e6 3.Nc3 Bb4 4.g3 b6 5.Bg2 Bb7 6.O-O O-O 7.d3 Bxc3 8.bxc3 d6
9.e4 Nbd7 10.Nh4 d5 11.exd5 exd5 12.Nf5 Nc5 13.Ba3 Re8 14.Bxc5 bxc5 15.Rb1 Bc6
16.Qc1 Re6 17.Qg5 Ne8 18.Qxd8 Rxd8 19.Rfe1 Kf8 20.d4 Bd7 21.Ne3 cxd4 22.cxd5 Ra6
23.cxd4 Rxa2 24.Ra1 Rd2 25.Rxa7 Rxd4 26.Rb1 Ra4 27.Rxa4 Bxa4 28.Kf1 Nd6 29.Rc1 Rd7
30.Ke2 Bb5+ 31.Kd2 Re7 32.Kc3 g6 33.Kb4 Bd3 34.Rc3 Bb5 35.Bf3 h5 36.Nc2 Be2
37.Bg2 Nf5 38.Kc5 Bd1 39.Ne3 Nxe3 40.fxe3 Ba4 41.Bf3 Be8 42.Kd4 f5 43.e4 fxe4
44.Bxe4 Kg7 45.h4 Kf6 46.Rf3+ Kg7 47.Ra3 Kf6 48.Ra6+ Kg7 49.Bd3 Bf7 50.Bc4 Re1
51.Kc5 Re7 52.Bb5 Re3 53.Ra7 Rxg3 54.Rxc7 Rc3+ 55.Bc4 Kf6 56.Kd4 Rc1 57.Rc6+ Ke7
58.Ke5 Re1+ 59.Kd4 Rd1+ 60.Kc5 Rc1 61.Rb6 Kf8 62.Rf6 Kg7 63.Rf4 g5 64.hxg5 Rg1
65.Rf5 Kg6 66.Re5 Rd1 67.Bb3 Rc1+ 68.Kd4 h4 69.Re3 Rc8 70.Rf3 Bg8 71.Ba4 Kxg5
72.d6 Rc4+ 73.Ke5 Rc5+ 74.Ke4  1/2-1/2

[Event "Ubeda"]
[Site "Ubeda"]
[Date "1997.??.??"]
[Round "6"]
[White "Illescas Cordoba, Miguel"]
[Black "Almasi, Zoltan"]
[Result "1/2-1/2"]
[WhiteElo "2635"]
[BlackElo "2595"]

1.Nf3 Nf6 2.c4 e6 3.Nc3 Bb4 4.g3 O-O 5.Bg2 d5 6.Qb3 c5 7.O-O Nc6 8.d3 h6
9.Na4 b6 10.a3 Ba5 11.Bf4 Bd7 12.Nc3 Bxc3 13.Qxc3 Re8 14.d4 Ne4 15.Qd3 cxd4
16.cxd5 exd5 17.Nxd4 Nc5 18.Nxc6 Nxd3 19.Nxd8 Nxf4 20.gxf4 Raxd8 21.Rfd1 Bg4
22.f3 Be6 23.Rac1 Rc8 24.Kf2 Kf8 25.e3 Ke7 26.h4 f6 27.Bf1 Rxc1 28.Rxc1 Rc8
29.Rxc8 Bxc8 30.Ke1 Kd6 31.Kd2 g5 32.fxg5 fxg5 33.hxg5 hxg5 34.Kc3 g4 35.fxg4 Bxg4  1/2-1/2

[Event "Ubeda"]
[Site "Ubeda"]
[Date "1997.??.??"]
[Round "8"]
[White "Leko, Peter"]
[Black "Almasi, Zoltan"]
[Result "1/2-1/2"]
[WhiteElo "2600"]
[BlackElo "2595"]

1.e4 e5 2.Nf3 Nc6 3.d4 exd4 4.Nxd4 Nf6 5.Nxc6 bxc6 6.e5 Qe7 7.Qe2 Nd5 8.c4 Ba6
9.g3 g6 10.b3 Bg7 11.Bb2 O-O 12.Bg2 Rfe8 13.O-O Bxe5 14.Bxe5 Qxe5 15.Qxe5 Rxe5
16.cxd5 Bxf1 17.Kxf1 cxd5 18.Nc3 c6 19.Rc1 Rae8 20.Bf3 Kf8 21.Na4 Ke7 22.Nc5 Kd6
23.Nd3 R5e7 24.b4 Ra8 25.a4 a5 26.b5  1/2-1/2

[Event "AUT-chT 9798"]
[Site "Austria"]
[Date "1998.01.24"]
[Round "7"]
[White "Chernin, Alexander"]
[Black "Almasi, Zoltan"]
[Result "1/2-1/2"]
[WhiteElo "2645"]
[BlackElo "2630"]

1.d4 Nf6 2.c4 e6 3.Nf3 b6 4.g3 Ba6 5.b3 Bb4+ 6.Bd2 Be7 7.Bg2 c6 8.Bc3 d5
9.Ne5 Nfd7 10.Nxd7 Nxd7 11.Nd2 O-O 12.O-O Rc8 13.e4 b5 14.Re1 dxc4 15.bxc4 bxc4
16.Qa4 Bb5 17.Qc2 Re8 18.Red1 Bf8 19.Bf1 c5 20.d5 exd5 21.exd5 Nb6 22.a4 Ba6
23.Nf3 f6 24.Ba5 Rb8 25.Rab1 Qd7 26.Bxb6 Rxb6 27.Rxb6 axb6 28.Nd2 Qxd5 29.Bxc4 Bxc4
30.Qxc4 Qxc4 31.Nxc4 Ra8  1/2-1/2

[Event "Elista ol (Men)"]
[Site "Elista"]
[Date "1998.10.03"]
[Round "5"]
[White "Almasi, Zoltan"]
[Black "Jussupow, Artur"]
[Result "1/2-1/2"]
[WhiteElo "2650"]
[BlackElo "2640"]

1.e4 e5 2.Nf3 Nf6 3.Nxe5 d6 4.Nf3 Nxe4 5.d4 d5 6.Bd3 Nc6 7.O-O Be7 8.c4 Nf6
9.Nc3 Be6 10.cxd5 Nxd5 11.Re1 O-O 12.a3 Bf6 13.Be4 h6 14.h3 Qd7 15.Bc2 Bf5
16.Ne4  1/2-1/2

[Event "Elista ol (Men)"]
[Site "Elista"]
[Date "1998.10.07"]
[Round "9"]
[White "Fominyh, Alexander"]
[Black "Almasi, Zoltan"]
[Result "0-1"]
[WhiteElo "2530"]
[BlackElo "2650"]

1.d4 Nf6 2.Nf3 d5 3.c4 c6 4.e3 e6 5.Bd3 Nbd7 6.O-O Be7 7.b3 O-O 8.Bb2 b6
9.Nbd2 Bb7 10.Qe2 c5 11.Rfd1 Rc8 12.e4 dxe4 13.Nxe4 Qc7 14.Rd2 cxd4 15.Bxd4 Rfd8
16.Nc3 Bc5 17.Nb5 Qb8 18.Rad1 Bxd4 19.Nbxd4 Nc5 20.Bb1 Nfe4 21.Rc2 e5 22.Nf5 Rxd1+
23.Qxd1 Rd8 24.Qe2 g6 25.Nh6+ Kg7 26.Ng4 Nd3 27.Qe3 f5 28.Qh6+ Kg8 29.Ne3 Nf4
30.g3 Nf6 31.Ne1 Ne6 32.Rc1 Kf7 33.Nd5 Bxd5 34.cxd5 Rxd5 35.Bd3 b5 36.Bf1 Qb6
37.h3 f4 38.gxf4 exf4 39.Be2 Rd2 40.Kf1 Ne4 41.Qh4 h5 42.Rd1 Qd4 43.Rxd2 Nxd2+  0-1

[Event "Elista ol (Men)"]
[Site "Elista"]
[Date "1998.10.09"]
[Round "10"]
[White "Almasi, Zoltan"]
[Black "Topalov, Veselin"]
[Result "1/2-1/2"]
[WhiteElo "2650"]
[BlackElo "2700"]

1.e4 c5 2.Nf3 d6 3.d4 cxd4 4.Nxd4 Nf6 5.Nc3 a6 6.Be3 Ng4 7.Bg5 h6 8.Bh4 g5
9.Bg3 Bg7 10.Be2 h5 11.Bxg4 Bxg4 12.f3 Bd7 13.Bf2 Nc6 14.Qd2 Qa5 15.Rd1 Rc8
16.O-O Nxd4 17.Bxd4 Bxd4+ 18.Qxd4 Qc5 19.Rf2 Qxd4 20.Rxd4 Be6 21.Nd5 f6 22.Rfd2 b5
23.a4 h4 24.c3 Kf7 25.axb5 axb5 26.Rb4 Rc5 27.Ne3 Ra8 28.Kf2 Ra1 29.Rd1 Ra2
30.Ke1 Ke8 31.g3 hxg3 32.hxg3 Kd7  1/2-1/2

[Event "Elista ol (Men)"]
[Site "Elista"]
[Date "1998.10.11"]
[Round "12"]
[White "Torre, Eugenio"]
[Black "Almasi, Zoltan"]
[Result "0-1"]
[WhiteElo "2545"]
[BlackElo "2650"]

1.e4 e5 2.Nf3 Nc6 3.Bb5 a6 4.Bxc6 dxc6 5.O-O Ne7 6.Na3 f6 7.Nc4 c5 8.d3 Bg4
9.Ne3 Bh5 10.c3 Nc6 11.Nf5 Qd7 12.Qe2 O-O-O 13.Rd1 c4 14.d4 g6 15.Ng3 Bxf3
16.Qxf3 exd4 17.Be3 Ne5 18.Qxf6 Bg7 19.Qh4 Nd3 20.cxd4 Nxb2 21.Rd2 c3 22.Rc2 Bxd4
23.Bxd4 Qxd4 24.h3 Qe5 25.Rac1 Nd3 26.Rb1 Rhf8 27.Rb3 Nxf2 28.Rbxc3 Rd1+
29.Nf1 Rxf1+ 30.Kxf1 Nd1+  0-1

[Event "HUN-chT9899"]
[Site "HUN"]
[Date "1998.??.??"]
[Round "?"]
[White "Almasi, Zoltan"]
[Black "Fogarasi, Tibor"]
[Result "1-0"]
[WhiteElo "2645"]
[BlackElo "2425"]

1.e4 c5 2.Nf3 Nc6 3.d4 cxd4 4.Nxd4 Qc7 5.Nc3 e6 6.Be2 a6 7.O-O Nf6 8.Be3 Be7
9.f4 d6 10.Kh1 O-O 11.a4 Re8 12.Bf3 Bd7 13.Nb3 b6 14.g4 Bc8 15.g5 Nd7 16.Bg2 Bb7
17.Qh5 Nb4 18.Rf2 Bf8 19.Rd1 Rad8 20.Qh4 g6 21.Rd4 d5 22.e5 Bc5 23.Nd1 Bxd4
24.Nxd4 Nc5 25.c3 Nc6 26.Rf3 Ne4 27.Qh6 Ne7 28.Rh3 Nf5 29.Qxh7+ Kf8 30.Nxf5 exf5
31.Bd4 Re6 32.Kg1 Qc4 33.a5 Qe2 34.Bf3 Qe1+ 35.Kg2 Qd2+ 36.Nf2 Qxf4 37.axb6 Nxg5
38.Qh6+ Ke8 39.Rg3  1-0

[Event "HUN-chT 9798"]
[Site "Hungary"]
[Date "1998.??.??"]
[Round "?"]
[White "Pinter, Jozsef"]
[Black "Almasi, Zoltan"]
[Result "1/2-1/2"]
[WhiteElo "2575"]
[BlackElo "2595"]

1.Nf3 Nf6 2.d4 e6 3.c4 b6 4.g3 Bb7 5.Bg2 Be7 6.Nc3 Ne4 7.Nxe4 Bxe4 8.O-O O-O
9.Ne1 Bxg2 10.Kxg2 d5 11.Qa4 Qe8  1/2-1/2

[Event "HUN-chT 9798"]
[Site "Hungary"]
[Date "1998.??.??"]
[Round "?"]
[White "Almasi, Zoltan"]
[Black "Acs, Peter"]
[Result "1-0"]
[WhiteElo "2595"]
[BlackElo "2420"]

1.e4 e5 2.Nf3 Nc6 3.Bb5 a6 4.Ba4 Nf6 5.O-O Be7 6.Re1 b5 7.Bb3 d6 8.c3 O-O
9.h3 Nb8 10.d4 Nbd7 11.Nbd2 Bb7 12.Bc2 Re8 13.a4 Bf8 14.Bd3 c6 15.b3 g6 16.Qc2 Qc7
17.Bb2 Rac8 18.Rad1 Bg7 19.b4 Nb6 20.axb5 cxb5 21.d5 Bh6 22.Bf1 Nfd7 23.Nb3 Rf8
24.Bc1 Bg7 25.Na5 Ba8 26.Bd2 Nf6 27.Rc1 Nxe4 28.Qxe4 Bxd5 29.Qe2 Rfe8 30.Be3 Nc4
31.Nxc4 bxc4 32.Ra1 Bb7 33.Nd2 d5 34.Bc5 Qc6 35.Qd1 Bh6 36.Nf3 Bg7 37.Qa4 Qf6
38.Rad1 Bc6 39.Qa5 Bb7 40.Qa2 Qc6 41.Rd2 Qc7 42.Ra1 Qc6 43.Rad1 Qe6 44.Qa5 Bh6
45.Re2 f6 46.Be3 Bf8 47.Red2 d4 48.cxd4 c3 49.d5 Qd6 50.Rc2 Qxb4 51.Qa2 Qd6
52.Bc4 Rc7 53.Rb1  1-0

[Event "HUN-chT 9798"]
[Site "Hungary"]
[Date "1998.??.??"]
[Round "?"]
[White "Almasi, Zoltan"]
[Black "Sax, Gyula"]
[Result "1/2-1/2"]
[WhiteElo "2595"]
[BlackElo "2545"]

1.e4 c5 2.Nf3 e6 3.d4 cxd4 4.Nxd4 Nf6 5.Nc3 d6 6.f4 Nc6 7.Be3 e5 8.Nf3 Ng4
9.Qd2 Nxe3 10.Qxe3 exf4 11.Qxf4 Be6 12.O-O-O Be7 13.Nd5 O-O 14.Kb1 Rc8 15.Be2 Bxd5
16.Rxd5 Nb4 17.Rb5 Qc7 18.c3 Na6 19.Rf5 Nc5 20.Bc4 Ne6 21.Bxe6 fxe6 22.Rxf8+ Rxf8
23.Qg4 Rf6 24.Nd4 Qc4 25.Rd1 Rg6 26.Qf3 Rf6  1/2-1/2

[Event "HUN-ch"]
[Site "Lillafured"]
[Date "1999.02.01"]
[Round "1"]
[White "Pinter, Jozsef"]
[Black "Almasi, Zoltan"]
[Result "1/2-1/2"]
[WhiteElo "2581"]
[BlackElo "2665"]

1.Nf3 Nf6 2.c4 c6 3.Nc3 d5 4.e3 g6 5.d4 Bg7 6.Bd3 O-O 7.O-O Bg4 8.h3 Bxf3
9.Qxf3 e6 10.Rd1 Nbd7 11.Bd2 a6 12.Rac1 Qe7 13.Be1 Rfe8  1/2-1/2

[Event "HUN-ch"]
[Site "Lillafured"]
[Date "1999.02.07"]
[Round "7"]
[White "Almasi, Zoltan"]
[Black "Acs, Peter"]
[Result "1-0"]
[WhiteElo "2665"]
[BlackElo "2521"]

1.e4 e5 2.Nf3 Nc6 3.Bc4 Bc5 4.c3 Nf6 5.d3 d6 6.O-O O-O 7.h3 a6 8.Bb3 Ba7
9.Re1 h6 10.Nbd2 Nh5 11.Nf1 Qf6 12.Be3 Nf4 13.d4 Re8 14.Ng3 g6 15.a4 h5 16.Bc2 Kh8
17.a5 Rg8 18.Ra4 h4 19.Nf1 Bd7 20.Rc4 g5 21.dxe5 Qe6 22.Bxa7 Rxa7 23.Ne3 dxe5
24.Bb3 g4 25.Rxc6 Nxh3+ 26.Kf1 Qxc6 27.Nxe5 Qb5+ 28.N3c4 Be6 29.gxh3 f6 30.Qd2 Kh7
31.Nxg4 Bxc4+ 32.Bxc4 Qxc4+ 33.Kg1 Rxg4+ 34.hxg4 Ra8 35.Qd7+ Kg8 36.Qf5 Rf8
37.Rd1 Kg7 38.Rd7+ Rf7 39.Rxf7+ Qxf7 40.g5 fxg5 41.Qxg5+ Kf8 42.Qd8+  1-0

[Event "HUN-ch"]
[Site "Lillafured"]
[Date "1999.02.09"]
[Round "9"]
[White "Almasi, Zoltan"]
[Black "Gyimesi, Zoltan"]
[Result "1/2-1/2"]
[WhiteElo "2665"]
[BlackElo "2529"]

1.e4 e5 2.Nf3 Nc6 3.Bc4 Bc5 4.c3 Nf6 5.d3 d6 6.Nbd2 a6 7.Bb3 Ba7 8.h3 Ne7
9.Nf1 Ng6 10.Ng3 O-O 11.O-O b5 12.Re1 Bb7 13.Nh2 Kh8 14.Ng4 Ng8 15.d4 N6e7
16.Be3  1/2-1/2

[Event "Mitropa Cup"]
[Site "Baden"]
[Date "1999.04.07"]
[Round "6"]
[White "Almasi, Zoltan"]
[Black "Stohl, Igor"]
[Result "1-0"]
[WhiteElo "2665"]
[BlackElo "2573"]

1.e4 c6 2.d4 d5 3.Nc3 dxe4 4.Nxe4 Bf5 5.Ng3 Bg6 6.h4 h6 7.Nf3 Nf6 8.Ne5 Bh7
9.Bd3 Bxd3 10.Qxd3 e6 11.Bf4 Be7 12.O-O-O Nbd7 13.Qe2 O-O 14.Kb1 Qb6 15.Nxd7 Nxd7
16.Rd3 Qb5 17.Rc1 Rfe8 18.c4 Qa5 19.Bd2 Qd8 20.Nh5 Bxh4 21.Rh1 Nf8 22.Nxg7 Kxg7
23.Qh5 Ng6 24.Qxh6+ Kg8 25.Rg3 Bxg3 26.Qh7+ Kf8 27.Bh6+ Ke7 28.Bg5+ Kf8 29.Bxd8 Raxd8
30.fxg3 Rxd4 31.Rf1 Re7 32.Rf4 Rxf4 33.gxf4 Rd7 34.b3 Ke7 35.Qh6 c5 36.g4 b6
37.Qg5+ Kd6 38.f5 Ne5 39.fxe6 fxe6 40.Qg8 Kc7 41.Qxe6  1-0

[Event "Eu Team Ch"]
[Site "Batumi GEO"]
[Date "1999.12.01"]
[Round "3"]
[White "Kobalija,M"]
[Black "Almasi,Z"]
[Result "1/2-1/2"]
[WhiteElo "2573"]
[BlackElo "2663"]

1.g3 d5 2.Bg2 c6 3.Nf3 Nf6 4.O-O Bg4 5.d3 Nbd7 6.Nbd2 e6 7.h3 Bh5 8.Qe1 Bc5
9.e4 dxe4 10.dxe4 e5 11.Nc4 Qe7 12.Ne3 Bxf3 13.Bxf3 g6 14.Bd2 h5 15.h4 Qe6
16.b4 Bd4 17.c3 Bxe3 18.Bxe3 Nb6 19.Bxb6 axb6 20.a4 Qe7 21.Qe3 Qc7 22.Bd1 O-O
23.Bb3 Kg7 24.Rfd1 Rad8 25.f3 Rxd1+ 26.Rxd1 Rd8 27.Rxd8 Qxd8 28.Kf2 Ne8 29.Ke1 Qc7
30.Ke2 Nd6 31.Qg5 Ne8 32.Qd2 Qd6 33.Qe3 Qd8 34.c4 Qc7 35.c5 Qe7 36.Kd3 bxc5
37.Qxc5 Nd6 38.Ke2 Kf8 39.b5 cxb5 40.axb5 Qd7 41.Ke3 Qe7 42.Ke2 Qd7 43.Kf2 Kg8
44.b6 Qb5 45.Qxd6 Qxb3 46.Qb8+ Kh7 47.Qc7 Qb2+ 48.Kg1 Kg7 49.Qxb7 Qb1+  1/2-1/2

[Event "Eu Team Ch"]
[Site "Batumi GEO"]
[Date "1999.12.07"]
[Round "8"]
[White "Almasi,Z"]
[Black "Delchev,A"]
[Result "1/2-1/2"]
[WhiteElo "2663"]
[BlackElo "2521"]

1.e4 e5 2.Nf3 Nf6 3.Nxe5 d6 4.Nf3 Nxe4 5.d4 d5 6.Bd3 Bd6 7.O-O O-O 8.c4 c6
9.Nc3 Nxc3 10.bxc3 dxc4 11.Bxc4 Bg4 12.h3 Bh5 13.Re1 Nd7 14.a4 Re8 15.Rxe8+ Qxe8
16.Bd2 Nf6 17.g4  1/2-1/2

[Event "Porzellan-Cup"]
[Site "Dresden"]
[Date "1999.??.??"]
[Round "3.1"]
[White "Shirov, Alexei"]
[Black "Almasi, Zoltan"]
[Result "1/2-1/2"]
[WhiteElo "2720"]
[BlackElo "2650"]

1.e4 e5 2.Nf3 Nc6 3.Bb5 Nf6 4.O-O Nxe4 5.d4 Nd6 6.Bxc6 dxc6 7.dxe5 Nf5 8.Qxd8+ Kxd8
9.Nc3 Ke8 10.h3 a5 11.Re1 Bb4 12.Bd2 Be6 13.a3 Bxc3 14.Bxc3 c5 15.g4 Ne7
16.Ng5 h5 17.f3 a4 18.Kg2 Ra6 19.Kg3 Bd5 20.Rad1 Rg6 21.f4 hxg4 22.hxg4 c6
23.Rd2 b5 24.Rde2 Bc4 25.Rf2 Rxg5 26.fxg5 Be6 27.Rff1 Nd5 28.Rh1 Rxh1 29.Rxh1 Nxc3
30.bxc3 g6 31.Kf4 Kd7 32.Rd1+ Kc7 33.Rf1 Kb6 34.Ke3 Ka5 35.Kd2 Kb6 36.Rf4 Kc7
37.c4 Kb6 38.Kc3 Ka5 39.cxb5 cxb5 40.Re4 Bd5 41.Rf4 Be6 42.Kb2 Kb6 43.c3 Kc6
44.Kc2 Kd5 45.Kd3 Kxe5 46.Ke3 Bd5 47.Rf1 Be6 48.Rb1 Bc4 49.Rb2 Bb3 50.Rd2 Be6
51.Rb2 Bc4 52.Rf2 Be6 53.Rb2 Bb3 54.Rd2 Bc4 55.Rd8 Be6 56.Rb8 Bc4 57.Rb6 Kd5
58.Rf6 Ke5 59.Rb6 Kd5 60.Rb7 Kd6 61.Ke4 Kc6 62.Rb8 Be6 63.Kf3 Bc4 64.Kf4 Kd5
65.Rb7 Kd6 66.Rb6+ Kc7 67.Rf6  1/2-1/2

[Event "HUN-chT9899"]
[Site "HUN"]
[Date "1999.??.??"]
[Round "?"]
[White "Almasi, Zoltan"]
[Black "Portisch, Lajos"]
[Result "1-0"]
[WhiteElo "2650"]
[BlackElo "2595"]

1.e4 c5 2.Nf3 Nc6 3.d4 cxd4 4.Nxd4 Qc7 5.Nc3 e6 6.Be2 a6 7.O-O Nf6 8.Be3 Be7
9.f4 d6 10.Kh1 O-O 11.a4 Re8 12.Bf3 Rb8 13.g4 Nd7 14.g5 Bf8 15.Bg2 Nxd4 16.Bxd4 b6
17.f5 Ne5 18.f6 g6 19.h4 Bb7 20.Bxe5 dxe5 21.h5 Kh8 22.Qg4 Bc6 23.Rf3 b5
24.axb5 axb5 25.Raf1 Red8 26.hxg6 fxg6 27.f7 Rd7 28.Qxe6 Re7 29.Qg4 b4 30.Nd5 Bxd5
31.exd5 Rb6 32.Qe4 Rd6 33.c4 bxc3 34.bxc3 Ra6 35.Bh3 Ra3 36.Qb4 Ra6 37.Be6 Kg7
38.Qh4 h5 39.Qe4  1-0

[Event "ch-HUN KO"]
[Site "Budapest HUN"]
[Date "2000.10.06"]
[Round "6.1"]
[White "Almasi,Z"]
[Black "Kallai,G"]
[Result "1/2-1/2"]
[WhiteElo "2668"]
[BlackElo "2531"]

1.c4 c5 2.Nc3 Nc6 3.Nf3 Nd4 4.e3 Nxf3+ 5.Qxf3 g6 6.b3 Bg7 7.Bb2 d6 8.h3 Rb8
9.Rd1 Bd7 10.d4 Qa5 11.Qe2 Nf6 12.Qd2 O-O 13.Be2 cxd4 14.exd4 d5 15.O-O dxc4
16.bxc4 Rfd8 17.Rfe1 e6 18.Bf3  1/2-1/2

[Event "ch-HUN KO"]
[Site "Budapest HUN"]
[Date "2000.10.09"]
[Round "7.2"]
[White "Varga,Zo"]
[Black "Almasi,Z"]
[Result "1/2-1/2"]
[WhiteElo "2541"]
[BlackElo "2668"]

1.d4 Nf6 2.Nd2 d5 3.c3 g6 4.f3 Bg7 5.e4 dxe4 6.fxe4 e5 7.Ngf3 exd4 8.cxd4 O-O
9.e5 Nd5 10.Ne4 Qe7 11.Be2 Bg4 12.O-O Nc6 13.Qb3 Nb6 14.Bg5 Qb4 15.Qxb4 Nxb4
16.Be7 N6d5 17.Bxf8 Rxf8 18.Rf2 Bh6 19.Nfg5 Bf5 20.Rf3 Kg7 21.Bc4 Nc2 22.Bxd5 Nxa1
23.Bxb7 Nc2 24.Rc3 Nxd4 25.Rxc7 Ne6 26.Nxe6+ Bxe6 27.b3 Bf4 28.Nc5 Bf5 29.Nd7 Rd8
30.Bc6 Bxd7 31.Bxd7 Bxe5 32.Rb7 Rb8 33.Rxb8 Bxb8  1/2-1/2

[Event "34th Olympiad"]
[Site "Istanbul TUR"]
[Date "2000.10.29"]
[Round "2"]
[White "Almasi,Z"]
[Black "Aung Aung"]
[Result "1-0"]
[WhiteElo "2668"]
[BlackElo "2495"]

1.e4 e6 2.d4 d5 3.Nc3 dxe4 4.Nxe4 Bd7 5.Nf3 Bc6 6.Ned2 Nd7 7.Bd3 Ngf6 8.O-O Be7
9.Re1 O-O 10.Nc4 b6 11.a4 a5 12.c3 Bb7 13.Bg5 Nd5 14.Bd2 Nc5 15.Bc2 Bf6 16.Qc1 g5
17.Nxg5 Ne4 18.Bxe4 e5 19.Nxb6 cxb6 20.Qc2 Bg7 21.Rad1 f6 22.Bf4 Nxf4 23.f3 Kh8
24.Ne6 Nxe6 25.Qe2 Re8 26.dxe5 fxe5 27.Rd6 Bxe4 28.fxe4 Re7 29.b4 axb4 30.Rd2  1-0

[Event "34th Olympiad"]
[Site "Istanbul TUR"]
[Date "2000.11.12"]
[Round "14"]
[White "Mikhalchishin,A"]
[Black "Almasi,Z"]
[Result "1/2-1/2"]
[WhiteElo "2544"]
[BlackElo "2668"]

1.d4 Nf6 2.Nf3 d5 3.c4 c6 4.e3 Bf5 5.Bd3 Bxd3 6.Qxd3 e6 7.O-O Nbd7 8.Nc3 Be7
9.e4 dxe4 10.Nxe4 Nxe4 11.Qxe4 O-O 12.Rd1 Qc7 13.Bf4  1/2-1/2

[Event "Tch-AUT 2000-01"]
[Site "Graz AUT"]
[Date "2001.01.20"]
[Round "7"]
[White "Almasi,Z"]
[Black "Mueller,Ka"]
[Result "1-0"]
[WhiteElo "2640"]
[BlackElo "2525"]

1.e4 e6 2.d4 d5 3.Nc3 Bb4 4.e5 Qd7 5.Qg4 f5 6.Qg3 b6 7.Nh3 Ba6 8.Bxa6 Nxa6
9.Nf4 O-O-O 10.h4 g6 11.Bd2 Ne7 12.O-O-O c5 13.Nce2 Bxd2+ 14.Rxd2 c4 15.h5 Kb7
16.Rdd1 Nc7 17.hxg6 hxg6 18.Qg5 Nc6 19.Rxh8 Rxh8 20.Qxg6 b5 21.Qf6 Qe8 22.Kd2 b4
23.Ke3 Rh7 24.g3 Na5 25.b3 Rf7 26.Qg6 Qd7 27.Qg8 Re7 28.Rh1 Qb5 29.Rh7 Rxh7
30.Qxh7 Qe8 31.f3 Nc6 32.Qg6 Qd7 33.Qf6 a5 34.Kf2 Qh7 35.Kg2 Qg8 36.Kf2 Qh7
37.Kg2 Qg8 38.Ng6 Ne8 39.Qg5 Nc7 40.Qf6 Ne8 41.Qg5 Nc7 42.Kf2 Nb5 43.bxc4 dxc4
44.d5 exd5 45.Qxf5 Qh7 46.Kg2 Nxe5 47.Qxe5 Qxg6 48.Qxd5+ Qc6 49.Qf7+ Ka6
50.g4 a4 51.g5 b3 52.cxb3 cxb3 53.axb3 a3 54.b4 Qc2 55.Qe6+ Kb7 56.g6 Nc7
57.Qe4+ Qxe4 58.fxe4 Ne6 59.Nc3 Nf4+ 60.Kf3 Nxg6 61.Ke3 Kc6 62.Kd4 Nf4 63.Kc4 Kd6
64.Kb3 Ke5 65.Kxa3 Kd4 66.b5 Nd3 67.b6 Nc5 68.Kb4 Na6+ 69.Kb5 Nb8 70.b7 Kxc3
71.e5  1-0

[Event "2nd IECC"]
[Site "Ohrid MKD"]
[Date "2001.06.01"]
[Round "1"]
[White "Chatalbashev,B"]
[Black "Almasi,Z"]
[Result "1/2-1/2"]
[WhiteElo "2518"]
[BlackElo "2640"]

1.d4 Nf6 2.c4 e6 3.Nf3 b6 4.e3 Bb7 5.Bd3 d5 6.b3 Bd6 7.O-O O-O 8.Nc3 Nbd7
9.Bb2 a6 10.Rc1 Re8 11.Ne2 dxc4 12.Rxc4 b5 13.Rc2 e5 14.dxe5 Nxe5 15.Nxe5 Bxe5
16.Bxe5 Rxe5 17.Rd2 Qe7 18.Ng3 g6 19.e4 Bxe4 20.Bxe4 Nxe4 21.Rd7 Qe6 22.Nxe4 Rxe4
23.Rxc7 Re8 24.g3 h5 25.h4 Re2 26.Rc2 Qe4 27.Rxe2 Qxe2 28.Qd7 Qe6  1/2-1/2

[Event "2nd IECC"]
[Site "Ohrid MKD"]
[Date "2001.06.05"]
[Round "5"]
[White "Stefansson,H"]
[Black "Almasi,Z"]
[Result "1/2-1/2"]
[WhiteElo "2570"]
[BlackElo "2640"]

1.e4 e5 2.Nf3 Nc6 3.Bb5 Nf6 4.O-O Nxe4 5.d4 Nd6 6.Bxc6 dxc6 7.dxe5 Nf5 8.Qxd8+ Kxd8
9.Nc3 Bd7 10.Rd1 Kc8 11.Ng5 Be8 12.b3 b6 13.Bb2 Be7 14.Nge4 Kb7 15.Ne2 a5
16.a4 Rd8 17.Rxd8 Bxd8 18.Rd1 Kc8 19.Nf4 h5  1/2-1/2

[Event "2nd IECC"]
[Site "Ohrid MKD"]
[Date "2001.06.06"]
[Round "6"]
[White "Almasi,Z"]
[Black "Luther,T"]
[Result "1/2-1/2"]
[WhiteElo "2640"]
[BlackElo "2568"]

1.e4 e6 2.d4 d5 3.Nc3 Nf6 4.e5 Nfd7 5.f4 c5 6.Nf3 Nc6 7.Be3 cxd4 8.Nxd4 Bc5
9.Qd2 O-O 10.O-O-O a6 11.h4 Nxd4 12.Bxd4 b5 13.Qe3 Qc7 14.Rh3 b4 15.Na4  1/2-1/2

[Event "2nd IECC"]
[Site "Ohrid MKD"]
[Date "2001.06.09"]
[Round "8"]
[White "Almasi,Z"]
[Black "Nevednichy,V"]
[Result "0-1"]
[WhiteElo "2640"]
[BlackElo "2563"]

1.e4 e5 2.Nf3 d6 3.d4 exd4 4.Qxd4 a6 5.Bc4 Nc6 6.Qd3 Nf6 7.h3 Be7 8.Nc3 O-O
9.Bb3 Nd7 10.Be3 Nce5 11.Nxe5 dxe5 12.O-O-O c6 13.f4 exf4 14.Bxf4 Bg5 15.g3 Qe7
16.Qd2 Bxf4 17.gxf4 Nc5 18.f5 Kh8 19.Rhg1 a5 20.Rg4 a4 21.Qd4 f6 22.Nxa4 Nxa4
23.Bxa4 b5 24.Bb3 c5 25.Qd5 Ra7 26.c4 Rd7 27.Qc6 Rxd1+ 28.Kxd1 Rd8+ 29.Kc1 bxc4
30.Bxc4 Bxf5 31.Rf4 Bxh3 32.Qb6 h6 33.Rf3 Bg2 34.Rd3 Re8 35.Re3 f5 36.Qg6 Bxe4
37.Bf7 Rf8 38.Qxf5 Rxf7 39.Qxe4 Qxe4 40.Rxe4 g5 41.Rc4 Kh7 42.Rxc5 g4 43.Kd2 Kg6
44.b4 h5 45.Ke3 Rf3+ 46.Ke4 Rf2 47.a4 Rb2 48.Rc4 g3 49.Kf3 g2 50.Rc8 g1=N+
51.Ke3 Rb3+ 52.Kd4 Ne2+ 53.Ke5 Rxb4 54.Ra8 h4 55.a5 h3 56.Rh8 Rb5+ 57.Ke4 Rh5
58.Rxh5 Kxh5 59.Kf3 Kh4 60.Kf2 Nf4  0-1

[Event "2nd IECC Playoff g/15"]
[Site "Ohrid MKD"]
[Date "2001.06.15"]
[Round "1.2"]
[White "Piket,Je"]
[Black "Almasi,Z"]
[Result "1/2-1/2"]
[WhiteElo "2628"]
[BlackElo "2640"]

1.d4 Nf6 2.c4 e6 3.Nf3 b6 4.g3 Ba6 5.Nbd2 Bb4 6.Qc2 Bb7 7.Bg2 Be4 8.Qb3 Bxd2+
9.Bxd2 O-O 10.O-O d6 11.Rac1 Nbd7 12.Rfd1 h6 13.Bh3 Re8 14.Ne1 d5 15.f3 Bf5
16.g4 Bg6 17.g5 hxg5 18.Bxg5 c5 19.dxc5 Nxc5 20.Qc3 Nfe4 21.Bxd8 Nxc3 22.Rxc3 Raxd8
23.cxd5 exd5 24.Kf2 a5 25.e3 Kf8 26.a3 Rd6 27.b4 axb4 28.axb4 Ne6  1/2-1/2

[Event "TCh-CRO"]
[Site "Pula CRO"]
[Date "2001.09.10"]
[Round "1"]
[White "Hulak,K"]
[Black "Almasi,Z"]
[Result "0-1"]
[WhiteElo "2566"]
[BlackElo "2630"]

1.c4 e5 2.g3 Nc6 3.Bg2 g6 4.Nc3 Bg7 5.e3 d6 6.Nge2 h5 7.d4 h4 8.d5 Nce7 9.e4 f5
10.Bg5 h3 11.Bf3 Nf6 12.O-O O-O 13.Qd2 Nh7 14.Be3 f4 15.gxf4 exf4 16.Bd4 Bh6
17.c5 Ng5 18.Bh1 Nf7 19.cxd6 cxd6 20.Qd3 Kh7 21.Rfe1 Ne5 22.Bxe5 dxe5 23.Rad1 Ng8
24.d6 Nf6 25.Bf3 Bd7 26.Nd5 Nxd5 27.Qxd5 Bg7 28.Kh1 Qb6 29.Rf1 Rac8 30.Qd3 Rf6
31.Nc3 Qxb2 32.Nd5 Rf7 33.Rb1 Qd4 34.Qb3 Be6 35.Rbd1 Qc5 36.Qd3 Qc4 37.Qb1 Rc6
38.Nc7 Bd7 39.Rg1 Bf8 40.Rc1 Qd4 41.Qb3 Rf6 42.Nd5 Rfxd6 43.Rcd1 Qxf2 44.Nf6+ Rxf6
45.Rxd7+ Bg7 46.Bd1 f3 47.Qd3 Rc3 48.Rxg7+ Kxg7 49.Qd7+ Rf7 50.Qxh3 Qxg1+  0-1

[Event "TCh-CRO"]
[Site "Pula CRO"]
[Date "2001.09.11"]
[Round "2"]
[White "Almasi,Z"]
[Black "Zaja,I"]
[Result "1-0"]
[WhiteElo "2630"]
[BlackElo "2488"]

1.e4 e5 2.Nf3 Nc6 3.Bb5 a6 4.Ba4 Nf6 5.O-O Be7 6.Re1 b5 7.Bb3 d6 8.c3 O-O
9.h3 Nd7 10.d4 Bf6 11.a4 Bb7 12.d5 Ne7 13.axb5 axb5 14.Rxa8 Qxa8 15.Na3 Ba6
16.Nh2 Ng6 17.Nc2 Nc5 18.Ba2 Bc8 19.Nb4 Bd7 20.Bb1 Na6 21.Ng4 Be7 22.Nxa6 Qxa6
23.Bd3 c6 24.dxc6 Bxc6 25.Ne3 Bg5 26.Nc2 Bxc1 27.Nb4 Qb7 28.Qxc1 Nf4 29.Qe3 f5
30.Nxc6 Qxc6 31.Bf1 fxe4 32.Qxe4 Qb6 33.Re3 g6 34.g3 Nh5 35.Qd5+ Kg7 36.Qxb5 Qxb5
37.Bxb5 Rb8 38.c4 Kf6 39.Rf3+ Ke6 40.Ra3 Nf6 41.Ra7 h5 42.b4 g5 43.Ba6 e4
44.Bb7 Ke5 45.c5 dxc5 46.bxc5 Nd5 47.Kg2 h4 48.c6 e3 49.Ra5 e2 50.c7 Rc8
51.Rxd5+ Kf6 52.Bxc8 e1=Q 53.Rf5+  1-0

[Event "TCh-CRO"]
[Site "Pula CRO"]
[Date "2001.09.14"]
[Round "5"]
[White "Almasi,Z"]
[Black "Tukmakov,V"]
[Result "1-0"]
[WhiteElo "2630"]
[BlackElo "2604"]

1.e4 e6 2.d4 d5 3.Nc3 Nf6 4.Bg5 dxe4 5.Nxe4 Be7 6.Bxf6 Bxf6 7.Nf3 O-O 8.Qd2 Nd7
9.O-O-O b6 10.Bc4 Bb7 11.d5 b5 12.Bb3 c5 13.Nd6 Bxd5 14.Bxd5 exd5 15.Qxd5 Nb6
16.Qf5 g6 17.Qf4 Bg7 18.Rhe1 Qc7 19.Qh4 Rad8 20.Nxb5 Rxd1+ 21.Rxd1 Qc6 22.Na3 h6
23.Qf4 Re8 24.c3 Nd5 25.Qc4 Nf6 26.Re1 Ne4 27.Re2 Re6 28.Nb1 g5 29.Nbd2 Nd6
30.Rxe6  1-0

[Event "It"]
[Site "Pamplona ESP"]
[Date "2001.12.30"]
[Round "4"]
[White "Narciso Dublan,M"]
[Black "Almasi,Z"]
[Result "0-1"]
[WhiteElo "2517"]
[BlackElo "2630"]

1.d4 Nf6 2.c4 e6 3.Nc3 Bb4 4.e3 O-O 5.Ne2 d5 6.a3 Be7 7.cxd5 exd5 8.g3 Re8
9.Bg2 a5 10.O-O Na6 11.Qc2 Bf8 12.Bd2 c6 13.Rad1 b5 14.Bc1 g6 15.Nf4 Bf5
16.Qe2 Qb8 17.b3 b4 18.axb4 Qxb4 19.Bd2 Qxb3 20.Bh3 Bxh3 21.Nxh3 Qc2 22.Nf4 Nb4
23.Ra1 Bd6 24.Qd1 Bxf4 25.gxf4 Qf5 26.Kh1 Nd3 27.f3 Nb2 28.Qe2 Nc4 29.Ra2 Nh5
30.e4 Qf6 31.Qf2 Nxd2 32.Qxd2 Nxf4 33.e5 Qf5 34.Rfa1 Reb8 35.Ra3 Kg7 36.Rf1 Rb4
37.Raa1 Rab8 38.Nd1 Ne6 39.Rxa5 Rxd4 40.Qe2 Rb1  0-1